000
00293nam a2200121 a 4500
005
20141022142006.0
008
081003s19uu xx 00 eng d
050
_a
VCD
_b
I1 1996
245
_a
Inside the space station.
650
_a
VCD.
650
_a
Inside the space station.
942
_c
AVM
999
_c
276529
_d
276529